000 00294nam a2200097Ia 4500
008 230915s9999 xx 000 0 und d
050 _aRT 98 .B37 2016
100 _aBASAVANTHAPPA, B.T
245 0 _aPRACTICE WORKBOOK OF COMMUNITY HEALTH NURSING FOR BSC AND PB BSC NURSING STUDENTS
942 _cBK
999 _c200823
_d200823